00626nam a22001817a 450000500170000000800400001702000150005705000220007210000290009424501290012325000110025226000560026330000210031950400210034065000240036165000270038570000320041220150805100933.0a s1993 ck spa a958600025704aHG4014 bB87 19931 aBurbano Ruíz, Jorge E.10aPresupuestos: bEnfoque moderno de planeación y control de recursos /cJorge E. Burbano Ruiz ; rev. Omar Bedoya Enriquez. a1a ed. aSanta Fe de Bogota, Colombia: bMcGraw-Hill, c1993 a444 p. ;c24 cm. aIncluye índice 7aPresupuestos 2Lemb 7aPlanificación 2Lemb1 aBedoya Enriquez, Omar, rev.